[Event "SVK-ch U14"]
[Site "Lubovna"]
[Date "2020.08.21"]
[Round "8"]
[White "Kapral, Roland"]
[Black "Licka, Daniel"]
[Result "0-1"]
[WhiteElo "1067"]
[BlackElo "1510"]
[PlyCount "62"]
[EventDate "2020.08.15"]
[EventType "swiss"]
[EventRounds "9"]
[EventCountry "SVK"]
[SourceTitle "EXT 2021"]
[Source "ChessBase"]
[SourceDate "2020.10.23"]
[SourceVersion "1"]
[SourceVersionDate "2020.10.23"]
[SourceQuality "1"]

1. c4 c5 2. Nf3 Nc6 3. e3 g6 4. d4 cxd4 5. Nxd4 Bg7 6. Nc3 d6 7. a3 Nh6 8. Be2 Nf5 9. Nxf5 Bxf5 10. Bd2 0-0 11. Bg4 Qd7 12. h3 Ne5 13. Bxf5 Qxf5 14. 0-0 Nxc4 15. e4 Qd7 16. Bc1 Rac8 17. Qd3 e6 18. b3 Na5 19. b4 Bxc3 20. Ra2 Nb3 21. Rc2 Nxc1 22. Rfxc1 Be5 23. g3 Rxc2 24. Rxc2 Bg7 25. f4 Rd8 26. e5 dxe5 27. Qxd7 Rxd7 28. Rc8+ Bf8 29. fxe5 Rd3 30. Rb8 b6 31. a4 Rxg3+ 0-1

[Event "SVK-ch U14"]
[Site "Lubovna"]
[Date "2020.08.20"]
[Round "7"]
[White "Paluska, Karol"]
[Black "Licka, Daniel"]
[Result "1-0"]
[WhiteElo "1723"]
[BlackElo "1510"]
[PlyCount "51"]
[EventDate "2020.08.15"]
[EventType "swiss"]
[EventRounds "9"]
[EventCountry "SVK"]
[SourceTitle "EXT 2021"]
[Source "ChessBase"]
[SourceDate "2020.10.23"]
[SourceVersion "1"]
[SourceVersionDate "2020.10.23"]
[SourceQuality "1"]

1. d4 Nf6 2. c4 g6 3. Nc3 Bg7 4. e4 d6 5. Be3 0-0 6. f3 e5 7. d5 Nh5 8. g4 Nf6 9. Qd2 c6 10. 0-0-0 c5 11. Bh6 Bd7 12. h4 a6 13. h5 b5 14. Nge2 b4 15. Nb1 Qa5 16. Ng3 Rc8 17. Bxg7 Kxg7 18. hxg6 fxg6 19. Qh6+ Kf7 20. g5 Ne8 21. Qxh7+ Kf8 22. Qxg6 Ke7 23. Nf5+ Bxf5 24. Rh7+ Kd8 25. Qxf5 Rc7 26. g6 1-0

[Event "SVK-ch U14"]
[Site "Lubovna"]
[Date "2020.08.17"]
[Round "3"]
[White "Licka, Daniel"]
[Black "Orgon, Patrik"]
[Result "1/2-1/2"]
[WhiteElo "1510"]
[BlackElo "1766"]
[PlyCount "70"]
[EventDate "2020.08.15"]
[EventType "swiss"]
[EventRounds "9"]
[EventCountry "SVK"]
[SourceTitle "EXT 2021"]
[Source "ChessBase"]
[SourceDate "2020.10.23"]
[SourceVersion "1"]
[SourceVersionDate "2020.10.23"]
[SourceQuality "1"]

1. e4 d5 2. exd5 Qxd5 3. Nc3 Qd6 4. d4 Nf6 5. Nf3 a6 6. g3 b5 7. Bf4 Qb6 8. Bg2 Bb7 9. 0-0 e6 10. Re1 Bb4 11. Qd3 0-0 12. a3 Bxc3 13. Qxc3 Nd5 14. Qd2 Nd7 15. h4 c5 16. dxc5 Qxc5 17. Rac1 Rfd8 18. Bg5 Re8 19. g4 N7f6 20. Ne5 Rad8 21. Qe2 h6 22. Bxf6 gxf6 23. Nd3 Qb6 24. Qf3 Kg7 25. Qg3 Qd6 26. Qxd6 Rxd6 27. Nc5 Ba8 28. b4 Nc3 29. Re3 Nd5 30. Rd3 Red8 31. Rcd1 Kf8 32. Ne4 R6d7 33. Nc5 Rd6 34. Ne4 R6d7 35. Nc5 Rd6 1/2-1/2

[Event "SVK-ch U14"]
[Site "Lubovna"]
[Date "2020.08.17"]
[Round "4"]
[White "Rajnicek, Adam"]
[Black "Licka, Daniel"]
[Result "1/2-1/2"]
[WhiteElo "1457"]
[BlackElo "1510"]
[PlyCount "50"]
[EventDate "2020.08.15"]
[EventType "swiss"]
[EventRounds "9"]
[EventCountry "SVK"]
[SourceTitle "EXT 2021"]
[Source "ChessBase"]
[SourceDate "2020.10.23"]
[SourceVersion "1"]
[SourceVersionDate "2020.10.23"]
[SourceQuality "1"]

1. e4 g6 2. d4 Bg7 3. Nf3 d6 4. g3 Nd7 5. Bg2 c5 6. Be3 Ngf6 7. Nc3 0-0 8. 0-0 Rb8 9. a4 a6 10. dxc5 Nxc5 11. Bxc5 dxc5 12. Qxd8 Rxd8 13. a5 Bd7 14. Ne5 Be6 15. Rfd1 Nd7 16. Nxd7 Bxd7 17. Rab1 Bc6 18. Nd5 Bxd5 19. Rxd5 Rxd5 20. exd5 b5 21. Re1 Kf8 22. Rb1 Rd8 23. c3 Rd6 24. f4 Bf6 25. Kf2 Rd7 1/2-1/2

[Event "SVK-ch U14"]
[Site "Liptovsky Mikulas"]
[Date "2019.04.30"]
[Round "9"]
[White "Babjak, Samuel"]
[Black "Licka, Daniel"]
[Result "1-0"]
[WhiteElo "1478"]
[BlackElo "1405"]
[PlyCount "39"]
[EventDate "2019.04.23"]
[EventType "swiss"]
[EventRounds "9"]
[EventCountry "SVK"]
[SourceTitle "CBM 190 Extra"]
[Source "ChessBase"]
[SourceDate "2019.07.15"]
[SourceVersion "1"]
[SourceVersionDate "2019.07.15"]
[SourceQuality "1"]

1. e4 e5 2. Nf3 Nc6 3. Bc4 f5 4. d3 Nf6 5. Nc3 h6 6. Nh4 fxe4 7. dxe4 Na5 8. Ng6 Rh7 9. Bd3 d6 10. 0-0 Bg4 11. Qe1 Qd7 12. Nxf8 Kxf8 13. Nd5 Nc6 14. f4 Kf7 15. Qh4 Kg8 16. fxe5 Nxe5 17. Rxf6 Rf8 18. Rxf8+ Kxf8 19. Be3 Bh3 20. Rf1+ 1-0

[Event "SVK-ch U14"]
[Site "Liptovsky Mikulas"]
[Date "2019.04.26"]
[Round "5"]
[White "Salgovic, Simon"]
[Black "Licka, Daniel"]
[Result "0-1"]
[WhiteElo "1854"]
[BlackElo "1405"]
[PlyCount "58"]
[EventDate "2019.04.23"]
[EventType "swiss"]
[EventRounds "9"]
[EventCountry "SVK"]
[SourceTitle "CBM 190 Extra"]
[Source "ChessBase"]
[SourceDate "2019.07.15"]
[SourceVersion "1"]
[SourceVersionDate "2019.07.15"]
[SourceQuality "1"]

1. e4 g6 2. d4 d6 3. Be3 c6 4. Nc3 Bg7 5. Qd2 a6 6. f3 Nd7 7. h4 h5 8. Be2 Ngf6 9. 0-0-0 0-0 10. Bh6 b5 11. Bxg7 Kxg7 12. e5 Nd5 13. Nxd5 cxd5 14. exd6 exd6 15. g4 Nf6 16. gxh5 Nxh5 17. Rh2 Rh8 18. Bd3 Qf6 19. Qf2 Bf5 20. Bxf5 Qxf5 21. Kb1 b4 22. Ne2 a5 23. Ng3 Nxg3 24. Qxg3 Qh5 25. Re1 Rae8 26. Rxe8 Rxe8 27. Rh1 Re6 28. Rf1 Qf5 29. Kc1 Re2 0-1